Robert Burns : (Record no. 18)
[ view plain ]
| 000 -LEADER | |
|---|---|
| fixed length control field | 00900cam a2200277 a 4500 |
| 001 - CONTROL NUMBER | |
| control field | 4444782 |
| 005 - DATE AND TIME OF LATEST TRANSACTION | |
| control field | 20200421093816.0 |
| 008 - FIXED-LENGTH DATA ELEMENTS--GENERAL INFORMATION | |
| fixed length control field | 940929s1993 enk 001 0 eng |
| 010 ## - LIBRARY OF CONGRESS CONTROL NUMBER | |
| LC control number | 94213743 |
| 020 ## - INTERNATIONAL STANDARD BOOK NUMBER | |
| International Standard Book Number | 0140423826 : |
| Terms of availability | £6.99 (CAN. $12.99 : U.S.A. $9.95) |
| 040 ## - CATALOGING SOURCE | |
| Original cataloging agency | DLC |
| Transcribing agency | DLC |
| Modifying agency | DLC |
| 050 00 - LIBRARY OF CONGRESS CALL NUMBER | |
| Classification number | PR4303 |
| Item number | .M36 1993 |
| 082 00 - DEWEY DECIMAL CLASSIFICATION NUMBER | |
| Classification number | 821/.6 |
| Edition information | 20 |
| 100 1# - MAIN ENTRY--PERSONAL NAME | |
| Personal name | Burns, Robert, |
| Dates associated with a name | 1759-1796. |
| 9 (RLIN) | 225 |
| 240 10 - UNIFORM TITLE | |
| Uniform title | Poems. |
| Form subheading | Selections |
| 245 10 - TITLE STATEMENT | |
| Title | Robert Burns : |
| Remainder of title | selected poems / |
| Statement of responsibility, etc. | edited by Carol McGuirk. |
| 260 ## - PUBLICATION, DISTRIBUTION, ETC. | |
| Place of publication, distribution, etc. | London ; |
| -- | New York : |
| Name of publisher, distributor, etc. | Penguin Books, |
| Date of publication, distribution, etc. | 1993. |
| 300 ## - PHYSICAL DESCRIPTION | |
| Extent | xxx, 335 p. ; |
| Dimensions | 20 cm. |
| 440 #0 - SERIES STATEMENT/ADDED ENTRY--TITLE | |
| Title | Penguin classics |
| 500 ## - GENERAL NOTE | |
| General note | Includes indexes. |
| 651 #0 - SUBJECT ADDED ENTRY--GEOGRAPHIC NAME | |
| Geographic name | Scotland |
| General subdivision | Poetry. |
| 9 (RLIN) | 571 |
| 700 1# - ADDED ENTRY--PERSONAL NAME | |
| Personal name | McGuirk, Carol. |
| 9 (RLIN) | 226 |
| 906 ## - LOCAL DATA ELEMENT F, LDF (RLIN) | |
| a | 7 |
| b | cbc |
| c | orignew |
| d | 3 |
| e | ncip |
| f | 19 |
| g | y-gencatlg |
| 942 ## - ADDED ENTRY ELEMENTS (KOHA) | |
| Source of classification or shelving scheme | Dewey Decimal Classification |
| Koha item type | Books |
| Withdrawn status | Lost status | Damaged status | Not for loan | Collection | Home library | Current library | Shelving location | Date acquired | Barcode | Date last seen | Price effective from | Koha item type |
|---|---|---|---|---|---|---|---|---|---|---|---|---|
| Reference | Centerville | Centerville | General stacks | 09/04/2014 | 39999000000771 | 09/04/2014 | 09/04/2014 | Books | ||||
| Reference | Midway | Midway | General stacks | 09/04/2014 | 39999000000795 | 09/04/2014 | 09/04/2014 | Books |